00355nam a22001337a 450000500170000000800410001704100120005808200130007010000120008324500390009526000370013430000250017165000250019620240816145057.0240816b |||||||| |||| 00| 0 eng d aEnglish a349 LAW  lEnglish aThe Law Reports: Probate Division  aLondon: bLincoln's Inn, c1944  b114 pages; c25 cm.  aLegal practice bLaw